| 000 | 00685cam a22002174a 4500 | ||
|---|---|---|---|
| 020 | _a0253346630 (cloth : alk. paper) | ||
| 020 | _a0253218055 (pbk. : alk. paper) | ||
| 040 | _cDLC | ||
| 082 | 0 | 0 | _a398 IUP 2006 C151 Or. |
| 245 | 0 | 0 |
_aBorders and healers : _bbrokering therapeutic resources in southeast Africa / |
| 260 |
_aBloomington : _bIndiana University Press, _cc2006. |
||
| 300 |
_avi, 223 p. : _bill. ; _c25 cm. |
||
| 650 | 0 | _aTraditional medicine | |
| 650 | 0 | _aHealing | |
| 650 | 0 | _aTherapeutics | |
| 650 | 0 | _aHuman body | |
| 700 | 1 | _aLuedke, Tracy J. | |
| 700 | 1 | _aWest, Harry G. | |
| 856 | 4 | 1 | _uhttp://www.loc.gov/catdir/toc/ecip0513/2005015437.html |
| 942 | _cAEDBB | ||
| 999 |
_c18723 _d18723 |
||